Δημιουργία εκπαιδευτικού παιχνιδιού - υλικού για την περιβαλλοντική εκπαίδευση στο Εθνικό Θαλάσσιο Πάρκο Αλοννήσου Βορείων Σποράδων : διπλωματική εργασία [μεταπτυχιακή εργασία]
Saved in:
| Main Author: | |
|---|---|
| Corporate Author: | |
| Format: | Thesis Book |
| Language: | Greek |
| Published: |
2014.
|
| Subjects: | |
| Online Access: | http://hdl.handle.net/11610/15868 |
| Tags: |
Add Tag
No Tags, Be the first to tag this record!
|
MARC
| LEADER | 00000cam a2200000 a 4500 | ||
|---|---|---|---|
| 001 | 1/109707 | ||
| 008 | 160122s2014####gr | ||| |||| ||gre|| | ||
| 040 | |a GR-MyUa |b gre |c GR-MyUa |e AACR2 | ||
| 041 | 0 | |a gre | |
| 082 | 7 | |a 371.397 |2 (23) | |
| 100 | 1 | |a Παλαιολόγος, Χρήστος Δ. | |
| 245 | 1 | 0 | |a Δημιουργία εκπαιδευτικού παιχνιδιού - υλικού για την περιβαλλοντική εκπαίδευση στο Εθνικό Θαλάσσιο Πάρκο Αλοννήσου Βορείων Σποράδων : |b διπλωματική εργασία [μεταπτυχιακή εργασία] / |c Παλαιολόγος Χρήστος Δ. ; επιβλέπων καθηγητής Παρασκευόπουλος Στέφανος. |
| 260 | |c 2014. | ||
| 300 | |a 142 σ. : |b πίν., εικ. ; |c 30 εκ. | ||
| 502 | |a Διατριβή (μεταπτυχιακή) – Πανεπιστήμιο Αιγαίου, Ρόδος, 2014. | ||
| 504 | |a Βιβλιογραφία: σ. 135-142. | ||
| 506 | 1 | |a Διάθεση μόνο λέξεων κλειδιών - περιλήψεων. | |
| 650 | 0 | |a Education |x Simulation methods. | |
| 650 | 0 | |a Virtual reality in education. | |
| 650 | 0 | |a Computer games |x Design |x Social aspects. | |
| 650 | 0 | |a Environmental education |z Greece |z Alonnisos Island. | |
| 650 | 0 | |a Media programs (Education) | |
| 650 | 0 | |a Internet in education |z Greece |z Alonnisos Island. | |
| 650 | 0 | |a Computer-assisted instruction. | |
| 651 | 0 | |a Alonnisos Island (Greece) | |
| 700 | 1 | |a Παρασκευόπουλος, Στέφανος, |e dgs | |
| 710 | 2 | |a Πανεπιστήμιο Αιγαίου |b Σχολή Ανθρωπιστικών Επιστημών |b Τμήμα Επιστημών της Προσχολικής Αγωγής και του Εκπαιδευτικού Σχεδιασμού |b Πρόγραμμα Μεταπτυχιακών Σπουδών Περιβαλλοντική Εκπαίδευση. | |
| 852 | |a INST |b RHODES |c DIATR |e 20160122 |h 371.397 ΠΑΛ |p 005400038214 |q 005400038214 |t MTXE |y 23 | ||
| 856 | |u http://hdl.handle.net/11610/15868 | ||
| 924 | |a Παλαιολόγος |b Χρήστος Δ |y Ρόδος |z 2014-12 | ||
| 970 | |z 22-01-2016 | ||